000 00666nam a2200193 i 4500
001 bg
100 1 _aKARCZ, Zbigniew
245 1 0 _aZadłużenie zagraniczne Polski :
_bgra o miliardy, kiedy do Euro? /
_cZbigniew Karcz.
260 _aWarszawa :
_bCentrum Doradztwa i Informacji Difin :
_bBank BGŻ,
_c2006.
650 9 _aDług państwowy
_zPolska
_yod 1970 r.
020 _a8372516332
040 _cBPK
041 0 _apol
080 _a336.27:336.14(438)"1970/..."
920 _a83-7251-633-2
942 _cKS
008 s pl f |000 0 pol
999 _c52972
_d52972
856 _uhttp://koha.tu.koszalin.pl/cgi-bin/koha/opac-detail.pl?biblionumber=52972
_yKatalog online BPK